Library Banner

رابن ہڈ کے کارنامے (Record no. 75308)

MARC details
000 -LEADER
fixed length control field 00402nam a22001457a 4500
005 - DATE AND TIME OF LATEST TRANSACTION
control field 20150901095644.0
008 - FIXED-LENGTH DATA ELEMENTS--GENERAL INFORMATION
fixed length control field 150901b xxu||||| |||| 00| 0 eng d
040 ## - CATALOGING SOURCE
Transcribing agency PK-LaUMT
082 ## - DEWEY DECIMAL CLASSIFICATION NUMBER
Classification number KHC 891.4393
Item number NAD-R
100 ## - MAIN ENTRY--PERSONAL NAME
Personal name ندیم ، م
245 ## - TITLE STATEMENT
Title رابن ہڈ کے کارنامے
Statement of responsibility, etc م ندیم
260 ## - PUBLICATION, DISTRIBUTION, ETC. (IMPRINT)
Place of publication, distribution, etc نئی دہلی
Name of publisher, distributor, etc ترقی اردو بیورو
Date of publication, distribution, etc 1986
300 ## - PHYSICAL DESCRIPTION
Extent 148 ص
942 ## - ADDED ENTRY ELEMENTS (KOHA)
Koha item type Books
Holdings
Withdrawn status Lost status Damaged status Home library Current library Date acquired Full call number Barcode Date last seen Price effective from Koha item type
      UMT Main Campus UMT Main Campus 2015-09-01 KHC 891.4393 NAD-R 68903 2015-09-01 2015-09-01 Books